000 00352nam a2200133Ia 4500
008 151001s9999||||xx |||||||||||||| ||und||
100 _aसदाशिव आठवले
245 _aशिवाजी आणि शिवयुग
250 _a1
260 _bअजब प्रकाशन
260 _c1971
300 _a208
365 _b18
999 _c956868
_d956865